00663nam a22002293 450000100060000000300080000600500170001400800350003103500190006604000350008504100080012008200240012810000200015224500540017226000440022630000200027050000190029060000660030965100190037570000190039475200200041377179BD-RjUL20211209082934.0200301s1966 enk 000 0 a(BD-RjUL)77403 aBD-RjULbengcBD-RjULdBD-RjUL aeng00a821.5bPOP 19662231 aPope, Alexander14a Pope : poetical works /bEdited by Herbert Davis aLondon :bOxford Univesity press,c1966 a754 p. ;c23 cm aIncludes Index aPope, Alexander, d1688-1744 qCriticism and interpretation.  vEnglish poetry aDavis, Herbert aEnglanddLondon